Religion Quiz

Random Religion or Art Quiz

Rembrandt Paintings of Jesus Quiz Stats

 Plays Quiz not verified by Sporcle

Support Sporcle.
Go Orange.
Score 0/12 Timer 04:00
0 Plays Today
% Correct
Jesus is crucified
93.3%
Jesus appears to Thomas
89.6%
Jesus calms the storm
87.1%
Jesus breaks bread at Emmaus
82%
Jesus meets Mary Magdalene
outside his tomb
77.1%
Jesus raises Lazarus
76.9%
The Flight to Egypt
76.3%
Jesus forgives the
woman caught in adultery
76.1%
Jesus is blessed by Simeon
74.9%
Jesus drives the moneychangers
out of the Temple
68.6%
Judas returns the 30 pieces of silver
68.6%
The Magi visit Jesus
64.3%

You're not logged in!

Compare scores with friends on all Sporcle quizzes.
OR
Log In

From the Vault

20 Similar Celebrities

by Hejman

No, we aren't evil and we didn't include siblings. We did include Bieber though...so maybe we're a little evil.
Remove Ads.
Support Sporcle.
Get the best of Sporcle when you Go Orange. This ad-free experience offers more features, more stats, and more fun while also helping to support Sporcle. Thank you for becoming a member.

Show Comments

Extras

Top Quizzes Today


Score Distribution

Your Account Isn't Verified!

In order to create a playlist on Sporcle, you need to verify the email address you used during registration. Go to your Sporcle Settings to finish the process.

Report this User

Report this user for behavior that violates our Community Guidelines.

Details: